000 00295nam a2200109Ia 4500
008 220204s9999 xx 000 0 und d
100 _aGavin, R E
245 0 _aReference manual for stenographers and typists
260 _aNew York
_bMc Graw Hill
_c1961
700 _aHutchinson, E L
942 _cBK
999 _c20967
_d20967